| Tag |
First Indicator |
Second Indicator |
Subfields |
| LEADER |
00000pam a22000004a 4500 |
| 001 |
in00001642621 |
| 005 |
20151023090331.0 |
| 008 |
010522s2001 nyua b 001 0 eng |
| 010 |
|
|
|a 2001040112
|
| 020 |
|
|
|a 1572306556 (hardcover)
|
| 020 |
|
|
|a 1572306564 (pbk.)
|
| 035 |
|
|
|a (OCoLC)ocm47023489
|
| 040 |
|
|
|a DLC
|c DLC
|d UtOrBLW
|
| 042 |
|
|
|a pcc
|
| 049 |
|
|
|a TXAM
|
| 050 |
0 |
0 |
|a LB1576
|b .G4514 2001
|
| 082 |
0 |
0 |
|a 372.62/3/044
|2 21
|
| 100 |
1 |
|
|a Gillet, Jean Wallace.
|
| 245 |
1 |
0 |
|a Directing the writing workshop :
|b an elementary teacher's handbook /
|c Jean Wallace Gillet, Lynn Beverly.
|
| 264 |
|
1 |
|a New York :
|b Guilford Press,
|c [2001]
|
| 264 |
|
4 |
|c ©2001
|
| 300 |
|
|
|a xi, 235 pages :
|b illustrations ;
|c 27 cm.
|
| 336 |
|
|
|a text
|b txt
|2 rdacontent
|
| 337 |
|
|
|a unmediated
|b n
|2 rdamedia
|
| 338 |
|
|
|a volume
|b nc
|2 rdacarrier
|
| 504 |
|
|
|a Includes bibliographical references and index.
|
| 650 |
|
0 |
|a English language
|x Composition and exercises
|x Study and teaching (Elementary)
|v Handbooks, manuals, etc.
|
| 650 |
|
0 |
|a Language arts (Elementary)
|
| 700 |
1 |
|
|a Beverly, Lynn.
|
| 945 |
|
|
|i PromptCat
|
| 948 |
|
|
|a cataloged
|b h
|c 2001/11/5
|d c
|e mphillip
|f 3:11:36 pm
|
| 994 |
|
|
|a 92
|b TXA
|
| 999 |
|
|
|a MARS
|
| 999 |
f |
f |
|s e1dc7ab1-f45b-302c-92d1-4934d2f5920e
|i cd83fe66-c6f9-3d49-a50c-ae6bc2d7baf8
|t 0
|
| 952 |
f |
f |
|p normal
|a Texas A&M University
|b College Station
|c Sterling C. Evans Library
|d Evans: Library Stacks
|t 0
|e LB1576 .G4514 2001
|h Library of Congress classification
|i unmediated -- volume
|m A14828274727
|
| 998 |
f |
f |
|a LB1576 .G4514 2001
|t 0
|l Evans: Library Stacks
|